Statistics for Five Biggest Cities by Continent by Letter - X

Click here to take the quiz!

General Stats

  • This quiz has been taken 192 times
  • The average score is 4 of 23

Answer Stats

PopulationCountryCity% Correct
5,206,000ChinaXi'an
96%
3,119,000ChinaXiamen
80%
2,215,000ChinaXuzhou
36%
56,000GreeceXa{nthi}
35%
388,000MexicoXalapa
27%
26,000USAXe{nia}
20%
1,153,000ChinaXining
20%
35,000Brazil{Xique}-Xique
19%
131,000MozambiqueXai-Xai
17%
1,433,000ChinaXiangyang
16%
22,000GermanyXa{nten}
15%
450,000MexicoXico
10%
29,000SpainXà{tiva}
8%
23,000BrazilXa{xim}
7%
41,000MexicoXa{lisco}
6%
44,000BrazilXa{nxêre}
6%
27,000SpainXà{bia}
5%
61,000BrazilXe{rém}
5%
14,000MozambiqueXi{navane}
4%
34,000BrazilXi{nguara}
4%
42,000Mexico{Xicotepec} de Juárez
3%
29,000SpainXi{rivella}
3%
26,000MozambiqueXi{lembene}
2%

Score Distribution

Percentile by Number Answered

Percent of People with Each Score

Your Score History

You have not taken this quiz